Full 2020 NFL Draft - Statistics

General Stats
  • This quiz has been taken 1,878 times
  • The average score is 61 of 255
Answer Stats
# Team School Pos. Player % Correct
1 Bengals LSU QB Joe Burrow
99%
6 Chargers Oregon QB Justin Herbert
93%
2 Redskins Ohio State EDGE Chase Young
92%
5 Dolphins Alabama QB Tua Tagovailoa
92%
17 Cowboys Oklahoma WR CeeDee Lamb
83%
22 Vikings LSU WR Justin Jefferson
83%
15 Broncos Alabama WR Jerry Jeudy
82%
57 Rams Florida WR Van Jefferson
82%
12 Raiders Alabama WR Henry Ruggs III
81%
26 Packers Utah State QB Jordan Love
78%
3 Lions Ohio State CB Jeff Okudah
77%
7 Panthers Auburn DT Derrick Brown
75%
183 Giants Penn State LB Cam Brown
74%
4 Giants Georgia OT Andrew Thomas
72%
8 Cardinals Clemson LB Isaiah Simmons
71%
21 Eagles TCU WR Jalen Reagor
71%
25 49ers Arizona State WR Brandon Aiyuk
70%
157 Jaguars Auburn S Daniel Thomas
70%
227 Bears Tennessee State OG Lachavious Simmons
69%
33 Bengals Clemson WR Tee Higgins
68%
13 Bucs Iowa OT Tristan Wirfs
68%
16 Falcons Clemson CB AJ Terrell
65%
32 Chiefs LSU RB Clyde Edwards-Helaire
65%
53 Eagles Oklahoma QB Jalen Hurts
64%
41 Colts Wisconsin RB Jonathan Taylor
64%
34 Colts USC WR Michael Pittman Jr
64%
48 Seahawks Tennessee EDGE Darrell Taylor
63%
103 Eagles Colorado LB Davion Taylor
63%
10 Browns Alabama OT Jedrick Wills Jr
62%
28 Ravens LSU LB Patrick Queen
62%
35 Lions Georgia RB D'Andre Swift
61%
165 Jaguars Texas WR Collin Johnson
60%
50 Bears Utah CB Jaylon Johnson
60%
161 Bucs Minnesota WR Tyler Johnson
60%
9 Jaguars Florida CB CJ Henderson
57%
11 Jets Louisville OT Mekhi Becton
57%
81 Raiders South Carolina WR Bryan Edwards
54%
43 Bears Notre Dame TE Cole Kmet
54%
187 Browns Michigan WR Donovan Peoples-Jones
54%
55 Ravens Ohio State RB JK Dobbins
54%
18 Dolphins USC OT Austin Jackson
53%
70 Dolphins Texas S Brandon Jones
52%
49 Steelers Notre Dame WR Chase Claypool
52%
243 Titans Marshall S Chris Jackson
52%
239 Bills Pitt CB Dane Jackson
52%
75 Lions Ohio State OG Jonah Jackson
52%
72 Cardinals Houston OT Josh Jones
52%
51 Cowboys Alabama CB Trevon Diggs
52%
52 Rams Florida State RB Cam Akers
51%
14 49ers South Carolina DT Javon Kinlaw
50%
23 Chargers Oklahoma LB Kenneth Murray
50%
62 Packers Boston College RB AJ Dillon
48%
45 Bucs Minnesota S Antoine Winfield Jr
46%
29 Titans Georgia OT Isaiah Wilson
45%
65 Bengals Wyoming LB Logan Wilson
45%
27 Seahawks Texas Tech LB Jordyn Brooks
44%
198 Steelers Maryland S Antoine Brooks Jr
43%
19 Raiders Ohio State CB Damon Arnette
43%
36 Giants Alabama S Xavier McKinney
43%
24 Saints Michigan IOL Cesar Ruiz
42%
68 Jets Cal S Ashtyn Davis
41%
232 Steelers Nebraska DT Carlos Davis
41%
128 Bills UCF WR Gabriel Davis
41%
194 Bucs Nebraska DT Khalil Davis
41%
20 Jaguars LSU EDGE K'Lavon Chaisson
41%
56 Dolphins Alabama DL Raekwon Davis
41%
206 Jaguars Georgia Tech TE Tyler Davis
41%
42 Jaguars Colorado WR Laviska Shenault Jr
40%
59 Jets Baylor WR Denzel Mims
39%
37 Patriots Lenoir-Rhyne S Kyle Dugger
39%
46 Broncos Penn State WR KJ Hamler
38%
66 Redskins Memphis RB/WR Antonio Gibson
37%
44 Browns LSU S Grant Delpit
37%
31 Vikings TCU CB Jeff Gladney
36%
155 Bears Tulsa DE Trevis Gibson
36%
229 Redskins NC State EDGE James Smith-Williams
35%
64 Panthers Southern Illinois S Jeremy Chinn
34%
86 Bills Utah RB Zack Moss
33%
30 Dolphins Auburn CB Noah Igbinoghene
32%
38 Panthers Penn State DE Yetur Gross-Matos
32%
54 Bills Iowa DE AJ Epenesa
30%
63 Chiefs Mississippi State LB Willie Gay Jr
28%
39 Dolphins Louisiana OL Robert Hunt
27%
92 Ravens Texas WR Devin Duvernay
26%
60 Patriots Michigan EDGE Josh Uche
24%
167 Bills Georgia QB Jake Fromm
23%
61 Titans LSU CB Kristian Fulton
23%
122 Colts Washington QB Jacob Eason
22%
76 Bucs Vanderbilt RB Ke'Shawn Vaughn
21%
160 Browns Washington C Nick Harris
21%
40 Texans TCU DT Ross Blacklock
21%
58 Vikings Boise State OT Ezra Cleveland
20%
252 Broncos Florida WR Tyrie Cleveland
20%
74 Saints Wisconsin OLB Zack Baun
20%
69 Seahawks LSU OG Damien Lewis
19%
67 Lions Notre Dame EDGE Julian Okwara
19%
115 Browns FAU TE Harrison Bryant
18%
220 Chargers Ohio State WR KJ Hill
18%
47 Falcons Auburn DL Marlon Davidson
18%
84 Rams Alabama EDGE Terrell Lewis
18%
105 Saints Dayton TE Adam Trautman
17%
148 Seahawks Syracuse EDGE Alton Robinson
17%
85 Colts Utah S Julian Blackmon
17%
152 Panthers West Virginia S Kenny Robinson
17%
83 Broncos LSU C Lloyd Cushenberry III
17%
80 Raiders Kentucky WR Lynn Bowden Jr
17%
123 Cowboys Tulsa CB Reggie Robinson II
17%
91 Patriots UCLA TE Devin Asiasi
16%
89 Vikings Mississippi State CB Cameron Dantzler
15%
93 Titans App State RB Darrynton Evans
15%
71 Ravens Texas A&M DL Justin Madubuike
15%
138 Chiefs Louisiana Tech DB L'Jarius Sneed
15%
98 Ravens Ohio State LB Malik Harrison
15%
87 Patriots Alabama EDGE Anfernee Jennings
14%
124 Steelers Maryland RB Anthony McFarland Jr
14%
73 Jaguars Ohio State DT DaVon Hamilton
14%
217 49ers Tennessee WR Jauan Jennings
14%
78 Falcons Temple C Matt Hennessy
14%
82 Cowboys Oklahoma DT Neville Gallimore
14%
188 Bills GA Southern K Tyler Bass
14%
102 Steelers Charlotte EDGE Alex Highsmith
13%
231 Cowboys James Madison QB Ben DiNucci
13%
158 Jets Virginia CB Bryce Hall
13%
173 Bears Tulane WR Darnell Mooney
13%
112 Chargers UCLA RB Joshua Kelley
13%
94 Packers Cincinnati TE Josiah Deguara
13%
120 Jets Florida RB La'Mical Perine
13%
119 Falcons Fresno State LB Mykal Walker
13%
118 Broncos Missouri TE Albert Okwuegbunam
12%
97 Browns LSU LB Jacob Phillips
12%
189 Jaguars Oregon State QB Jake Luton
12%
125 Jets FIU QB James Morgan
12%
106 Ravens Mississippi State OL Tyre Phillips
12%
107 Bengals App State LB Akeem Davis-Gaither
11%
101 Patriots Virginia Tech TE Dalton Keene
11%
144 Seahawks Miami RB DeeJay Dallas
11%
96 Chiefs TCU OT Lucas Niang
11%
142 Redskins Liberty WR Antonio Gandy-Golden
10%
133 Seahawks Stanford TE Colby Parkinson
10%
224 Titans Hawaii QB Cole McDonald
10%
110 Giants UCLA CB Darnay Holmes
10%
151 Chargers Virginia WR Joe Reed
10%
166 Lions Wisconsin WR Quintez Cephus
10%
255 Giants Georgia LB Tae Crowder
10%
146 Cowboys Wisconsin C Tyler Biadasz
10%
191 Jets Texas A&M P Braden Mann
9%
109 Raiders Clemson OG John Simpson
9%
90 Texans Florida EDGE Jonathan Greenard
9%
199 Rams Ohio State S Jordan Fuller
9%
99 Giants Uconn OT Matt Peart
9%
77 Broncos Iowa CB Michael Ojemudia
9%
244 Vikings Iowa QB Nate Stanley
9%
200 Eagles Southern Miss WR Quez Watkins
9%
136 Rams Purdue TE Brycen Hopkins
8%
190 49ers Georgia TE Charlie Woerner
8%
79 Jets Florida EDGE Jabari Zuniga
8%
88 Browns Missouri DT Jordan Elliott
8%
176 Vikings Miami WR KJ Osborn
8%
131 Cardinals LSU DT Rashard Lawrence
8%
132 Vikings Oregon LB Troy Dye
8%
139 Raiders Louisiana Tech CB Amik Robertson
7%
116 Jaguars St. John's OL Ben Bartch
7%
170 Ravens Texas Tech DT Broderick Washington
7%
201 Ravens SMU WR James Proche
7%
168 Eagles Boise State WR John Hightower
7%
137 Jaguars Michigan State CB Josiah Scott
7%
159 Patriots Marshall K Justin Rohrwasser
7%
175 Packers Minnesota LB Kamal Martin
7%
135 Steelers UL Lafayette OG Kevin Dotson
7%
182 Patriots Michigan OG Michael Onwenu
7%
108 Redskins LSU OT Saahdiq Charles
7%
100 Raiders Clemson S Tanner Muse
7%
127 Eagles Clemson S Tanner Muse
7%
104 Rams Utah S Terrell Burgess
7%
240 Saints Mississippi State QB Tommy Stevens
7%
249 Vikings Mississippi State S Brian Cole II
6%
117 Vikings South Carolina DE DJ Wonnum
6%
222 Cardinals Arizona State RB Eno Benjamin
6%
211 Colts UMass CB Isaiah Rodgers
6%
192 Packers Michigan OG Jon Runyan
6%
216 Redskins Arkansas S Kamren Curl
6%
114 Cardinals Utah DT Leki Fotu
6%
246 Dolphins Navy WR Malcolm Perry
6%
177 Chiefs Michigan EDGE Mike Danna
6%
111 Dolphins Georgia OG Solomon Kindley
6%
113 Panthers Notre Dame CB Troy Pride Jr
6%
236 Packers TCU S Vernon Scott
6%
186 Chargers Notre Dame S Alohi Gilman
5%
185 Dolphins LSU LS Blake Ferguson
5%
164 Dolphins Boise State EDGE Curtis Weaver
5%
202 Cardinals Cal LB Evan Weaver
5%
219 Ravens Iowa S Geno Stone
5%
169 Vikings Temple CB Harrison Hand
5%
130 Vikings Baylor DL James Lynch
5%
95 Broncos Arkansas DT McTelvin Agim
5%
150 Giants Oregon IOL Shane Lemieux
5%
140 Jaguars Miami LB Shaq Quarterman
5%
221 Panthers FIU CB Stantley Thomas-Oliver
5%
143 Ravens Michigan OG Ben Bredeson
4%
179 Cowboys Utah EDGE Bradlee Anae
4%
247 Giants Minnesota DB Chris Williamson
4%
153 49ers West Virginia OT Colton McKivitz
4%
214 Seahawks Florida WR Freddie Swain
4%
207 Bills Oregon State WR Isaiah Hodgins
4%
145 Eagles Auburn OL Jack Driscoll
4%
134 Falcons Cal S Jaylinn Hawkins
4%
205 Vikings Michigan S Josh Metellus
4%
162 Redskins Michigan LB Khaleke Hudson
4%
181 Broncos Fresno State OG Netane Muti
4%
210 Eagles Auburn OT Prince Tega Wanogho
4%
248 Rams Miami Ohio K Sam Sloman
4%
237 Chiefs Tulane CB Thakarius Keyes
4%
184 Panthers Baylor DT Bravvion Roy
3%
218 Giants Minnesota EDGE Carter Coughlin
3%
126 Texans North Carolina OT Charlie Heck
3%
234 Rams Baylor LB Clay Johnston
3%
149 Colts Ball State OL Danny Pinter
3%
254 Broncos NDSU EDGE Derrek Tuszka
3%
180 Bengals Kansas OL Hakeem Adeniji
3%
171 Texans Rhode Island WR Isaiah Coulter
3%
208 Packers Oregon C Jake Hanson
3%
172 Lions NM State RB Jason Huntley
3%
154 Dolphins North Carolina DL Jason Strowbridge
3%
141 Texans Penn State CB John Reid
3%
178 Broncos Wake Forest LB Justin Strnad
3%
147 Bengals Notre Dame EDGE Khalid Kareem
3%
163 Bears GA Southern CB Kindle VIldor
3%
121 Lions Kentucky OG Logan Stenberg
3%
215 Bengals Purdue LB Markus Bailey
3%
245 Bucs Louisiana RB Raymond Calais
3%
251 Seahawks LSU TE Stephen Sullivan
3%
226 Bears Colorado OT Arlington Hambright
2%
129 Jets Charlotte OL Cameron Clarke
2%
204 Patriots Wyoming LB Cassh Maluia
2%
241 Bucs Temple LB Chapelle Russell
2%
223 Jaguars Memphis CB Chris Claybrooks
2%
212 Colts Washington State WR Dezmon Patmon
2%
197 Lions Utah DT John Penisini
2%
242 Packers Miami EDGE Jonathan Garvin
2%
213 Colts Michigan LB Jordan Glasgow
2%
195 Patriots Wake Forest OT Justin Herron
2%
225 Vikings Michigan State EDGE Kenny Willekes
2%
253 Vikings Washburn OG Kyle Hinton
2%
193 Colts Penn State DT Robert Windsor
2%
196 Eagles Temple LB Shaun Bradley
2%
209 Packers Indiana OT Simon Stepaniak
2%
228 Falcons Syracuse P Sterling Hofrichter
2%
238 Giants South Carolina LB TJ Brunson
2%
203 Vikings Oregon State OT Blake Brandel
1%
233 Eagles Stanford EDGE Casey Toohill
1%
230 Patriots Memphis C Dustin Woodard
1%
235 Lions Ohio State DE Jashon Cornell
1%
156 Redskins San Diego State C Keith Ishmael
1%
174 Titans NC State DL Larrell Murchison
1%
250 Rams Clemson OG Tremayne Anchrum
1%
No matching quizzes found
Score Distribution
Percent of People with Each Score
Percentile by Number Answered
Your Score History
You have not taken this quiz